Movies Quiz

Random Movies or Actor Quiz

Movie Cast Match Quiz Stats

 Plays Quiz Updated Nov 24, 2018

Support Sporcle.
Go Orange.
Score 0/40 Timer 08:00
0 Plays Today
% Correct
Titanic
92.2%
The Matrix
90.4%
Ocean's Eleven
88.5%
Alien
87%
Brokeback Mountain
87%
Pulp Fiction
86.8%
Million Dollar Baby
86%
Star Wars: Episode IV - A New Hope
85.7%
Good Will Hunting
85.2%
Transformers
85.1%
Black Swan
84.8%
The Devil Wears Prada
83.3%
Rain Man
83.3%
The Godfather
83%
Lethal Weapon
82.5%
The Curious Case of Benjamin Button
82.3%
The Sixth Sense
81.2%
The Expendables
79.1%
Gone with the Wind
78.6%
The Departed
78.4%
% Correct
Fight Club
77.7%
Zoolander
77.5%
American Beauty
76.4%
The Shining
75.6%
Philadelphia
74.9%
Schindler's List
74.9%
No Country For Old Men
74.8%
Annie Hall
74.6%
Superbad
72.7%
The Big Lebowski
71.1%
Taxi Driver
67%
Fargo
65.1%
Batman
65%
Vicky Cristina Barcelona
64%
Casino
61.8%
Reservoir Dogs
61.3%
Psycho
59.5%
The Prestige
58.6%
Wall Street
58%
True Romance
43.3%

You're not logged in!

Compare scores with friends on all Sporcle quizzes.
OR
Log In
Forgot?

From the Vault

US Largest Libraries

by Wilk

We bet all these books speak volumes.
Remove Ads.
Support Sporcle.
Get the best of Sporcle when you Go Orange. This ad-free experience offers more features, more stats, and more fun while also helping to support Sporcle. Thank you for becoming a member.

Show Comments

Extras

Top Quizzes Today


Score Distribution

Your Account Isn't Verified!

In order to create a playlist on Sporcle, you need to verify the email address you used during registration. Go to your Sporcle Settings to finish the process.

Report this User

Report this user for behavior that violates our Community Guidelines.

Details: